| 000 | 00000nam##2200000za#4500 |
| 001 | 9.643043 |
| 003 | CaOODSP |
| 005 | 20210624224004 |
| 007 | cr ||||||||||| |
| 008 | 150407|2004||||xxc|||||o f|0| 0 fre|d |
| 040 | |aCaOODSP|bfre |
| 043 | |an-cn--- |
| 086 | 1 |aEn84-116/2004F-PDF |
| 110 | 1 |aCanada. |bEnvironnement Canada. |
| 245 | 10|aTroisième Plan de mise en oeuvre (PMO3) pour le Réseau de mesure des dépôts atmosphériques (RMDA), 2005-2010 / |h[ressource électronique]|cpréparé par le Comité de direction Canada-U.S. du RMDA, présenté au Comité binational exécutif (CBE). |
| 260 | |aOttawa - Ontario : |bEnvironnement Canada |c13 juillet 2004. |
| 300 | |a11p.|bcarte, tableau |
| 590 | |a14-08-Supp|b2014-04-10 |
| 691 | 07|aProduit toxique|2gcpds |
| 691 | 07|aProtection de l'environnement|2gcpds |
| 691 | 07|aQualité de l'eau|2gcpds |
| 775 | 08|tThird Implementation Plan (IP3) for the Integrated Atmospheric Deposition Network, 2005-2010 / |w(CaOODSP)9.699004 |
| 856 | 40|ahttp://publications.gc.ca|qPDF|s88 Ko|uhttps://publications.gc.ca/collections/collection_2014/ec/En84-116-2004-fra.pdf |